Govt. of
Madhya Pradesh

Dentistry In Ancient India (Record no. 34914)

MARC details
000 -LEADER
fixed length control field 004310000a22001690004500
003 - CONTROL NUMBER IDENTIFIER
control field MACL
005 - DATE AND TIME OF LATEST TRANSACTION
control field 20160102121826.0
008 - FIXED-LENGTH DATA ELEMENTS--GENERAL INFORMATION
fixed length control field 160102b xxu||||| |||| 00| 0 eng d
040 ## - CATALOGING SOURCE
Original cataloging agency MACL
Transcribing agency MACL
041 ## - LANGUAGE CODE
Language code of text/sound track or separate title English
082 ## - DEWEY DECIMAL CLASSIFICATION NUMBER
Classification number 617.6/ZEU
100 ## - MAIN ENTRY--PERSONAL NAME
Personal name Choksey, K M
9 (RLIN) 26896
245 ## - TITLE STATEMENT
Title Dentistry In Ancient India
260 ## - PUBLICATION, DISTRIBUTION, ETC. (IMPRINT)
Name of publisher, distributor, etc. The Popular Book
Date of publication, distribution, etc. 1953
Place of publication, distribution, etc. Bombay
650 ## - SUBJECT ADDED ENTRY--TOPICAL TERM
Topical term or geographic name as entry element Medical Science
9 (RLIN) 26897
942 ## - ADDED ENTRY ELEMENTS (KOHA)
Koha item type Books
Call number prefix 617.6/Ber
Source of classification or shelving scheme
Holdings
Withdrawn status Lost status Source of classification or shelving scheme Damaged status Not for loan Home library Current library Date acquired Total Checkouts Full call number Barcode Date last seen Uniform Resource Identifier Price effective from Koha item type
          MACL MACL 15/04/2015   617.6/Ber CLE007226 29/04/2015 35118 15/04/2015 Books